000
00210nmm a2200073Ia 4500
008
220120s9999||||xx |||||||||||||||||und||
100
_a
CHIP magazine
245
0
_a
Power toys; 700 free flash games , 20 full free games
999
_c
139852
_d
139852